|
|
|
|
| LEADER |
00000nam a2200000Ia 4500 |
| 008 |
170703b2016 CR ||||| |||| 00| | spa d |
| 999 |
|
|
|c 1197
|d 1197
|
| 090 |
|
|
|a 19.01.03
|b 2414
|
| 100 |
1 |
|
|9 223
|a Barquero Cerdas, Martha
|
| 245 |
1 |
0 |
|a Vinculaciones nacionales y regionales: Centroamérica y República Dominicana, para fortalecer la recopilación de las producciones bibliográficas en educación /
|c Martha Barquero Cerdas, Franklin Rodríguez Vargas
|
| 260 |
|
|
|a [San José, Costa Rica]
|b INIE,
|c 2016
|
| 300 |
|
|
|a 27 páginas, 6 páginas
|
| 500 |
|
|
|a Informe final proyecto de investigación Nº 724-B5-703
|
| 650 |
1 |
4 |
|a PRODUCCIÓN DE CONOCIMIENTO
|9 2217
|
| 650 |
1 |
4 |
|a DIFUSIÓN DE LA INFORMACIÓN
|9 1561
|
| 650 |
1 |
4 |
|a BASES DE DATOS
|9 1560
|
| 700 |
1 |
|
|a Rodríguez Vargas, Franklin
|9 1562
|
| 942 |
|
|
|i 004337
|h 19.01.03 2414
|2 z
|c 04
|